Exposición Casas en Sabadell
Publicado:
San Jorge, núm. 92 (4rt trimestre 1973), pàg 91 :
MARC
| LEADER | 00000nam a2200000Ia 4500 | ||
|---|---|---|---|
| 003 | BGR | ||
| 005 | 20260324180040.0 | ||
| 008 | 160829s9999 xx 000 0 cat d | ||
| 245 | |a Exposición Casas en Sabadell | ||
| 260 | |a San Jorge, núm. 92 (4rt trimestre 1973), pàg 91 | ||
| 600 | 0 | |a Casas Vallés, Ramón |9 14824 |x Exposicions | |
| 610 | 2 | 0 | |a Acadèmia de Belles Arts de Sabadell |9 71852 |
| 901 | |a Arxiu | ||
| 942 | |n 1 |2 udc |c MON | ||
| 952 | |0 0 |1 0 |4 0 |7 1 |9 52149 |a Arxiu |b Arxiu |d 2016-12-01 |l 0 |r 2016-12-01 00:00:00 |w 2016-12-01 |y ARXIU | ||
| 999 | |c 55997 |d 55997 | ||